[Event "Duesseldorf Nord Cup 8th GrI"]
[Site "Duesseldorf"]
[Date "2008.08.02"]
[Round "3"]
[White "Schneider, Benedikt"]
[Black "Brack, Werner Heinz"]
[Result "1-0"]
[WhiteElo "1657"]
[BlackElo "1613"]
[PlyCount "103"]
[EventDate "2008.08.01"]
[EventType "tourn"]
[EventRounds "5"]
[EventCountry "GER"]
[SourceTitle "EXT 2017"]
[Source "ChessBase"]
[SourceDate "2016.10.25"]
[SourceVersion "1"]
[SourceVersionDate "2016.10.25"]
[SourceQuality "1"]

1. e4 e6 2. d4 d5 3. Nd2 c5 4. exd5 exd5 5. Ndf3 Nf6 6. Bg5 c4 7. Ne2 Bg4 8. Ne5 Bh5 9. f3 Qb6 10. Nf4 Bg6 11. Bxf6 gxf6 12. Nexg6 fxg6 13. Nxd5 Qc6 14. Qe2+ Kd8 15. Qxc4 Qe6+ 16. Be2 Bd6 17. Nb6 Qxc4 18. Nxc4 Bc7 19. Ne3 Ba5+ 20. c3 Nc6 21. Kf2 f5 22. Nd5 Kd7 23. b4 Bd8 24. Bc4 a6 25. Rhe1 Bh4+ 26. g3 Bd8 27. Re2 b5 28. Bb3 a5 29. bxa5 Nxa5 30. Bc2 Nc4 31. Bd3 Re8 32. Bxc4 bxc4 33. Rxe8 Kxe8 34. Ne3 Ra4 35. Ke2 Kd7 36. Kd2 Kd6 37. Kc2 Be7 38. Kb2 Kc7 39. Nd5+ Kd6 40. Nb6 Ra6 41. Nxc4+ Kc7 42. a4 Re6 43. Ne5 Rb6+ 44. Kc2 Bf6 45. Nd3 Re6 46. Re1 Ra6 47. Nc5 Ra8 48. Re6 Bg5 49. f4 Bd8 50. Re8 Rc8 51. Ne6+ Kd7 52. Rxd8+ 1-0

[Event "Duesseldorf Nord Cup 7th GrC"]
[Site "Duesseldorf"]
[Date "2007.08.11"]
[Round "2"]
[White "Schneider, Benedikt"]
[Black "Bakshi, Raj"]
[Result "1-0"]
[WhiteElo "1591"]
[BlackElo "1675"]
[PlyCount "73"]
[EventDate "2007.08.10"]
[EventType "tourn"]
[EventRounds "5"]
[EventCountry "GER"]
[SourceTitle "EXT 2017"]
[Source "ChessBase"]
[SourceDate "2016.10.25"]
[SourceVersion "1"]
[SourceVersionDate "2016.10.25"]
[SourceQuality "1"]

1. e4 d6 2. d4 Nf6 3. Nc3 g6 4. a3 Bg7 5. f4 0-0 6. Nf3 Bg4 7. h3 Bxf3 8. Qxf3 Nc6 9. Be3 e5 10. d5 Nd4 11. Qf2 c6 12. dxc6 bxc6 13. Bd3 c5 14. f5 Rb8 15. Rb1 Qa5 16. 0-0 Qc7 17. Bc4 Kh8 18. g4 Rbd8 19. Nd5 Nxd5 20. Bxd5 gxf5 21. gxf5 Bf6 22. Kh1 Qe7 23. c3 Nb5 24. Rg1 Rg8 25. Qe2 Bg5 26. Bxg5 Rxg5 27. Rxg5 Qxg5 28. Qxb5 Rg8 29. Qe2 Qg3 30. Qf1 Rg7 31. Rd1 f6 32. Bc6 Rg5 33. Rxd6 Rh5 34. Rd8+ Kg7 35. Qg2 Rxh3+ 36. Kg1 Kf7 37. Qxg3 1-0